000 00729nam a2200241Ia 4500
003 OSt
005 20220928124502.0
006 a|||||r|||| 00| 0
007 ta
008 220927b |||||||| |||| 00| 0 eng d
024 _a35252
037 _cTextual
040 _aSDCL
_cSDCL
_beng
041 _2eng
_aeng
082 _aT4:3(D6,8(B)), P0
100 _aFranklin Stephen D Ed.
_9465593
245 0 _aBuilding university electronic educational environment.
260 _aBoston
_bKluwer Academic Publishers
_c2000
300 _axvi,273p.
_ccm.
700 _a Strenski Ellen Ed.
_9465594
942 _hT4:3(D6,8(B)), P0
_cTEXL
_2CC
999 _c778483
_d778483